Historiaa kirjaimittain - U - Statistics

Yleistilastot
  • Tätä visaa on pelattu 932 kertaa
  • Keskiarvotulos 7 / 16
Vastaustilastot
Vihje Vastaus % Oikein
William Herschelin vuonna 1781 löytämä taivaankappale Uranus
81%
Idi Aminin johtama valtio Uganda
77%
Pohjoismaiden ensimmäinen yliopisto perustettiin tähän kaupunkiin Uppsala
76%
Tässä valtiossa tapahtui kansannousu hallintoa vastaan 1956 Unkari
74%
Thomas Moren visioima täydellinen yhteiskunta Utopia
71%
Holodomoriksi kutsuttu nälänhätä johti miljooniin kuolemiin tämän nykyisen valtion alueella Ukraina
69%
Ruotsin suurvalta-aika päättyi tähän suuren Pohjan sodan lopettaneeseen rauhansopimukseen {Uudenkaupungin} rauha
40%
New Yorkin entinen nimi Uusi Amsterdam
40%
Nimitys Saksan sukellusveneille etenkin maailmansotien aikaan U-vene
40%
Aikoinaan Alankomaiden suurin kaupunki Utrecht
37%
Protestanttisten kirkkojen eroamiseen katolisesta kirkosta johtanut liike Uskonpuhdistus
36%
Nimitys Yhdysvaltain sisällissodan Pohjoisvaltioiden armeijalle {Unionin} armeija
33%
Kahden Italian kuninkaan nimi Umberto
28%
Tämän Saksan kaupungin tuomiokirkko oli lyhyen aikaa maailman korkein rakennus Ulm
20%
Kahdeksan paavin nimi Urbanus
15%
Suurin muslimien valtakunnista {Umaijadien} kalifaatti
9%
Ehtoja vastaavia visoja ei löytynyt
Tulosjakauma
Jokaisen tuloksen saaneiden osuus
Persentiili vastausten määrän mukaan
Tuloshistoriasi
Et ole pelannut tätä visaa